000 00780nam a2200229Ia 4500
003 GCL
008 140319s9999 xx 000 0 ara d
020 _a4153367977
040 _aGCL /
_cGCL
082 0 4 _a239.9
_bس ن
100 1 _aسهيلة الحسينى
245 1 0 _aنساء فى صحبة النبى ( صلى الله علية وسلم ) /
_cسهيلة الحسينى
250 _aالاولى
260 _aالقاهرة :
_bمركز الاعلام العربى ،
_c2007
300 _a152 ص ؛
_c24 سم
490 _aدراسات نسائية
_v1
650 0 4 _aالصحابيات
650 0 4 _aالصحابة والتابعون
650 0 4 _aالمرأة فى الاسلام
650 0 4 _aالمرأة - الجهاد فى الاسلام
942 _2ddc
_cBK
999 _c9556
_d9556